Biggest countries in Europe by currency - Statistics

General Stats
  • This quiz has been taken 37 times
  • The average score is 14 of 15
Answer Stats
Hint Answer % Correct
euro France
100%
euro Germany
100%
ruble Russia
100%
hryvnia Ukraine
100%
sterling/pound United Kingdom
100%
krone Norway
97%
euro Spain
97%
krone Sweden
97%
euro Poland
94%
leu Romania
94%
ruble Belarus
91%
euro Finland
88%
euro Greece
88%
zloty italy
88%
tenge Kazakhstan
33%
No matching quizzes found
Score Distribution
Percent of People with Each Score
Percentile by Number Answered
Your Score History
You have not taken this quiz